| 000 | 00570cam a2200169 4500500 | ||
|---|---|---|---|
| 005 | 20260329005840.0 | ||
| 041 | _afre | ||
| 042 | _adc | ||
| 100 | 1 | 0 |
_ade Oliveira, Victorine _eauthor |
| 245 | 0 | 0 | _a“Les tyrans sont partout en pays ennemis” : extraits du “Hiéron” de Xénophon |
| 260 | _c2025. | ||
| 500 | _a4 | ||
| 690 | _aTyran | ||
| 690 | _aXénophon | ||
| 786 | 0 | _nPhilosophie magazine | 188 | 4 | 2025-04-01 | p. 37-43 | 1951-1787 | |
| 856 | 4 | 1 | _uhttps://shs.cairn.info/magazine-philosophie-magazine-2025-4-page-37?lang=fr&redirect-ssocas=7080 |
| 999 |
_c1847244 _d1847244 |
||